| 000 | 00678cam a2200205 a 4500 | ||
|---|---|---|---|
| 001 | 000016071 | ||
| 005 | 20200929164248.0 | ||
| 008 | 770316s1976 cl b f001 0 spa d | ||
| 010 | _a77450105 | ||
| 035 | _a(DLC) 77450105 | ||
| 040 |
_aDO-SdBNP _cDLC _dDLC |
||
| 082 |
_a199.83 _bE74f |
||
| 100 | 1 |
_aEscobar, Roberto. _936047 |
|
| 245 | 1 | 3 |
_aLa filosofía en Chile / _cRoberto Escobar. |
| 260 |
_aSantiago, Chile : _bUniversidad Técnica del Estado, _c1976. |
||
| 300 |
_a157 p. ; _c24 cm. |
||
| 504 | _aIncluye referencias bibliografías: 57-59, 83-85, 145-152. | ||
| 650 | 4 |
_aFilosofía chilena _xEnsayos, conferencias, etc. _936048 |
|
| 910 | _aCatalogación por copia / LC | ||
| 999 |
_c15612 _d15612 |
||